<?xml version="1.0" encoding="UTF-8"?>
<collection xmlns="http://www.loc.gov/MARC21/slim">
 <record>
  <leader>01999nam a2200217Ia 4500</leader>
  <controlfield tag="001">CTU_180935</controlfield>
  <controlfield tag="008">210402s9999    xx            000 0 und d</controlfield>
  <datafield tag="020" ind1=" " ind2=" ">
   <subfield code="c">48000</subfield>
  </datafield>
  <datafield tag="082" ind1=" " ind2=" ">
   <subfield code="a">658.4092</subfield>
  </datafield>
  <datafield tag="082" ind1=" " ind2=" ">
   <subfield code="b">S252</subfield>
  </datafield>
  <datafield tag="100" ind1=" " ind2=" ">
   <subfield code="a">Sasaki, Noriyuki</subfield>
  </datafield>
  <datafield tag="245" ind1=" " ind2="0">
   <subfield code="a">Nhà quản lý tài năng =</subfield>
  </datafield>
  <datafield tag="245" ind1=" " ind2="0">
   <subfield code="b">Introduce to manager</subfield>
  </datafield>
  <datafield tag="245" ind1=" " ind2="0">
   <subfield code="c">Noriyuki Sasaki ; Brain Work (biên dịch)</subfield>
  </datafield>
  <datafield tag="260" ind1=" " ind2=" ">
   <subfield code="a">Thành phố Hồ Chí Minh</subfield>
  </datafield>
  <datafield tag="260" ind1=" " ind2=" ">
   <subfield code="b">Tổng hợp Thành phố Hồ Chí Minh</subfield>
  </datafield>
  <datafield tag="260" ind1=" " ind2=" ">
   <subfield code="c">2012</subfield>
  </datafield>
  <datafield tag="520" ind1=" " ind2=" ">
   <subfield code="a">Cuốn sách cần thiết và hữu ích nhất cho những người làm quản lý bao gồm: Những kỹ năng quản lý cần thiết, phong cách lãnh đạo tự nhiên, cảm quan thông tin cao, tinh thần &quot;Đứng mũi chịu sào&quot;, hành động tiên phong, quan sát bằng &quot;3 con mắt&quot;,…Cuốn sách này tổng hợp các vấn đề mà một nhân viên muốn trở thành nhà quản lý phải trang bị cho mình như các kiến thức cơ bản, vai trò, kỹ năng cũng như chuẩn bị về mặt tinh thần. Cuốn sách này có thể sử dụng cho một người vừa trở thành nhà quản lý, mới có nhân viên dưới quyền, cũng như có thể dùng cho các nhà quản lý cấp trung giàu kinh nghiệm như một cơ hội tốt để nhìn lại cách quản lý của mình. Không chỉ vậy, các nhà quản lý đang theo dõi, tiến hành các dự án có thể tham khảo được từ cuốn sách này. Không phân biệt bất kỳ ngành nghề nào, đây có thể coi là một cuốn sách giới thiệu tổng hợp cho công việc quản lý.</subfield>
  </datafield>
  <datafield tag="650" ind1=" " ind2=" ">
   <subfield code="a">Leadership,Lãnh đạo</subfield>
  </datafield>
  <datafield tag="904" ind1=" " ind2=" ">
   <subfield code="i">Ngà,Hải</subfield>
  </datafield>
  <datafield tag="980" ind1=" " ind2=" ">
   <subfield code="a">Trung tâm Học liệu Trường Đại học Cần Thơ</subfield>
  </datafield>
 </record>
</collection>
